| 000 | 01338nam a2200325 a 4500 | ||
|---|---|---|---|
| 001 | 000109836 | ||
| 003 | CHAP | ||
| 005 | 20220329144106.0 | ||
| 008 | 140602s2014 mx a |sm |||||||spa|d | ||
| 010 | _a106298 | ||
| 011 | _a107270 | ||
| 040 | _cCHAP | ||
| 090 | _aTesis | ||
| 100 | 1 |
_aRamírez Alcántara, Hugo _9127164 |
|
| 245 | 1 | 0 |
_aMuro de protección para el control de avenidas en el margen derecho de la desembocadura del río Las Margaritas, Catemaco, Veracruz _h[En línea] _cpor Hugo Ramírez Alcántara y Rusbelth Aurelio Guzmán Estrada. |
| 260 |
_aChapingo, Méx. : _bEl autor, _c2014. |
||
| 500 | _aPara ver el contenido del material haga clic en la liga | ||
| 502 | _aTesis (Ing. en Irrigación) -- UACH. Departamento de Irigación | ||
| 502 | _aTesis (Ing. en Restauración Forestal) -- UACH. División de Ciencias Forestales | ||
| 590 |
_aBATCH-UPD _b05 _c20141002 _lUCH01 _h0904 |
||
| 590 |
_aE792CSJ _b05 _c20140602 _lUCH01 _h1036 |
||
| 590 |
_aE792CSJ _b05 _c20140602 _lUCH01 _h1037 |
||
| 650 | 1 | 4 |
_aIngeniería hidráulica _xProyectos y planos. _958253 |
| 650 | 1 | 4 |
_aMuros de contención _xDiseño y construcción. _9127172 |
| 700 | 1 |
_aGuzmán Estrada, Rusbelth Aurelio _9127165 |
|
| 856 |
_aFinding aid _uhttp://10.13.5.2/tesis/sist109836.pdf _zTeclea aquí |
||
| 901 | _aBK | ||
| 942 | _cTESIS | ||
| 942 | _n0 | ||
| 999 |
_c106298 _d106298 |
||